<?xml version="1.0" encoding="UTF-8"?>
<marc:record xmlns:marc="http://www.loc.gov/MARC21/slim">
   <marc:leader>00000nam a2200000 a 4500</marc:leader>
   <marc:datafield ind1="1" ind2=" " tag="100">
      <marc:subfield code="a">Achim Oppermann</marc:subfield>
      <marc:subfield code="4">aut</marc:subfield>
      <marc:subfield code="e">Verfasser/-in</marc:subfield>
   </marc:datafield>
   <marc:datafield ind1=" " ind2=" " tag="653">
      <marc:subfield code="a">Natur</marc:subfield>
   </marc:datafield>
   <marc:datafield ind1=" " ind2=" " tag="653">
      <marc:subfield code="a">Umwelt</marc:subfield>
   </marc:datafield>
   <marc:datafield ind1="0" ind2="0" tag="245">
      <marc:subfield code="a">Lichterkinder-Unsere Umwelt und Natur</marc:subfield>
   </marc:datafield>
   <marc:datafield ind1=" " ind2="1" tag="264">
      <marc:subfield code="b">Boxine</marc:subfield>
      <marc:subfield code="c">2024</marc:subfield>
   </marc:datafield>
   <marc:datafield ind1="1" ind2=" " tag="490">
      <marc:subfield code="a">Lichterkinder</marc:subfield>
   </marc:datafield>
   <marc:datafield ind1="1" ind2=" " tag="520">
      <marc:subfield code="a">Lerne mit Liki und Lumi im Lichterkinder Lernland - Spielerisches Lernen mit viel Spaß und toller Musik!&lt;br/&gt;Unsere Welt ist voller Wunder! Der Pocket Tonie „Unsere Umwelt &amp; Natur" nimmt die Kinder mit auf eine Reise durch die vielfältigen Lebensräume unseres Planeten. Von den unendlich vielen Pflanzen bis zu den großen und kleinen Tieren entdecken sie die Schönheit der Natur und lernen, wie wichtig es ist, sie zu schützen. Mit lehrreichen Kurzgeschichten und Liedern wird das Bewusstsein für Umwelt- und Naturschutz geweckt und ein ethisches Verständnis gefördert.</marc:subfield>
   </marc:datafield>
   <marc:datafield ind1=" " ind2=" " tag="300">
      <marc:subfield code="e">Clevertonie</marc:subfield>
   </marc:datafield>
</marc:record>
